Biblioteca

El resurgimiento de la espiritualidad maya a la luz del avance del camino según Hechos : (Registro nro. 67496)

Detalles MARC
000 -LÍDER
Campo fijo de descripción fija 01370cab a2200265 i 4500
001 - NÚMERO DE CONTROL
Campo de control 768714001
003 - IDENTIFICADOR DEL NÚMERO DE CONTROL
Campo de control CO-MdFUSB
005 - FECHA Y HORA DE LA ULTIMA TRANSACCIÓN
control field 20230111175355.0
008 - ELEMENTOS DE LONGITUD FIJA -- INFORMACIÓN GENERAL
Campo fijo de descripción fija -- Información general 220319s2010 gt ||||| |||| 00| 0 spa d
022 ## - NÚMERO INTERNACIONAL NORMALIZADO PARA PUBLICACIONES SERIADAS
Número Internacional Normalizado para Publicaciones Seriadas 1014-9341
040 ## - FUENTE DE CATALOGACIÓN
Agencia Catalogadora CO-MdFUSB
Idioma de catalogación spa
Agencia que realiza la transcripción CO-MdFUSB
Agencia que realiza la modificación CO-MdFUSBC
Modificador rda
041 ## - CÓDIGO DE IDIOMA
Código de idioma para texto/pista de sonido o título separado spa
100 ## - ASIENTO PRINCIPAL--NOMBRE PERSONAL
Nombre personal Morales Sut, Carlos Enrique,
Término relacionador Autor
245 13 - TÍTULO
Título El resurgimiento de la espiritualidad maya a la luz del avance del camino según Hechos :
Subtitulo (primera de dos partes)
Mención de responsabilidad / Carlos Enrique Morales Sut
300 ## - DESCRIPCIÓN FÍSICA
Extensión Número 47 (Julio - Diciembre, 2010), páginas 93-122
Dimensiones ; 22 cm
336 ## - TIPO DE CONTENIDO
Source rdacontent
337 ## - TIPO DE MEDIO
Source rdamedia
338 ## - TIPO DE SOPORTE
Source rdacarrier
520 ## - NOTA DE RESUMEN, ETC.
Nota de sumario, etc. La espiritualidad maya es una religión ancestral en el territorio guatemalteco con matices que varían según el grupo étnico y la cosmovisión de los adeptos. Se mantuvo escondida durante la colonia, y no fue hasta el siglo XX que surgió notablemente. Explica la relación del hombre con la deidad y el universo. El sacerdocio maya y la cofradía han sido las instrucciones fundamentales en su pervivencia y en la perpetuación de sus tradiciones
650 #7 - ASIENTO SECUNDARIO DE MATERIA - TERMINO TEMÁTICO
9 (RLIN) 695
Término temático o nombre geográfico como elemento de entrada Biblia y sociología
653 ## - TÉRMINO DE INDIZACIÓN - NO CONTROLADO
Término no controlado Mayas -- Espiritualidad.
690 ## - CAMPO LOCAL DE ACCESO TEMÁTICO
Término temático o nombre geográfico como elemento de entrada Biblia y sociología
773 ## - ASIENTO DE ITEM FUENTE
Biblionumber 49489
Itemnumber 80009
Parte(s) relacionada(s) / Volumen., número. (mes año), páginas Número 47 (Julio - Diciembre, 2010), páginas 93-122
Enumeración y primera página página 93
Título Kairós
942 ## - TIPO DE MATERIAL (KOHA)
Tipo de Item KOHA Artículos de Revista

No hay ítems disponibles.

Biblioteca FUSBC | Teléfono: (57+4) 349 88 10 Ext. 141| WhatsApp (+57) 3005338115 
E-mail: biblioteca@unisbc.edu.co | Calle 76 87-14 Robledo Palenque, Medellín, Colombia

Con tecnología Koha